LEADER 01016nam a2200229 i 4500 001 000000217187 003 CaOOAMICUS 005 20220920103906.0 008 121128s1891 it u000 u ita u 040 $aSeMil$bita 100 1 $aFiore, Pasquale,$d<1837-1914>.$0(OLS)http://semarc/name/1571 245 10$aSulla controversia del divorzio in Italia :$bconsiderazioni /$cPasquale Fiore. 264 1$aTorino :$bUnione Tipografico-Editrice Torinese,$c1891. 300 $a64 p. ;$c23 cm. 500 $aRilegato con: 2J III 64/1-2,4-5-6 650 4$aDivorzio - Diritto - Italia.$0(OLS)http://semarc/subject/10709 850 $aSeMil 852 $aSeMil$W1$xVenegono$y1$m2J III 64/3$j167601$B167601$CSeMilBibl$Z2$F178388 $81 961 $aEx libris mons. Adolfo Giobbi 996 $6245$aSulla controversia del divorzio in Italia :$bconsiderazioni$9(OLS)http://semarc/title/312108 996 $6264$aTorino :$bUnione Tipografico-Editrice Torinese$9(OLS)http://semarc/publisher/29628 LEADER 00787nam a2200205 i 4500 001 000000188552 003 CaOOAMICUS 005 20100413000000.0 008 100413s1964 it u000 u ita u 013 $a166748 040 $aSeMil$bita 245 10$aPia Società San Paolo 1914 - 1964 :$b(50 anni) 260 $aAlba :$bEdizioni Paoline,$c1964. 300 $a1 v. :$bill. ;$c32 cm. 500 $aContiene : Bibliografia. 650 4$aSocietà San Paolo - 1914-1964.$0(OLS)http://semarc/subject/32668 850 $aSeMil 852 $aSeMil$W1$xVenegono$y1$m3.SOVR IV 2$j262617$B139191$CSeMilBibl$Z2$F150790 $81 996 $6245$aPia Società San Paolo 1914 - 1964 :$b(50 anni)$9(OLS)http://semarc/title/271361 996 $6260$aAlba :$bEdizioni Paoline$9(OLS)http://semarc/publisher/31155